000 00414nam a22001817a 4500
005 20200316120825.0
008 200316b xxu||||| |||| 00| 0 eng d
020 _a978123902753
041 _aeng
082 _a615.19
100 _aJAIN, N.K.
_95202
245 _aPHARMACEUTICAL ARTHMETICS
250 _a2nd , 2000
260 _aDELHI
_bCBS
_c2019
300 _a106p,
650 _aPHARMACY
_95204
942 _cBK
999 _c6111
_d6109